| 000 | 00507nam a2200169Ia 4500 | ||
|---|---|---|---|
| 003 | IEPS | ||
| 005 | 20250703135325.0 | ||
| 008 | 250223s9999||||xx |||||||||||||| ||und|| | ||
| 040 | _CIEPS | ||
| 041 | _aara | ||
| 082 | _a796.06 | ||
| 100 | _aحسن زكي محمد محمد | ||
| 245 | 0 | _aالحوافز في المجال الرياضي | |
| 260 |
_aالاسكندرية _bالمكتبة المصرية للطباعة و النشر والتوزيع _c2004 |
||
| 300 |
_a36 ص. _c24 سم |
||
| 942 | _cكتاب | ||
| 999 |
_c13590 _d13590 |
||